| 000 | 00896nam a22002537a 4500 | ||
|---|---|---|---|
| 999 |
_c161887 _d161887 |
||
| 005 | 20190807125829.0 | ||
| 010 | _a1819CHEN B-717579-599 | ||
| 020 |
_a9789385031557 _c199.00 |
||
| 035 | _aB-717579-599 | ||
| 035 | _aB-728526 | ||
| 037 | _bPragati Publications | ||
| 082 | _aS | ||
| 100 | _aHugo, Victor | ||
| 245 |
_aLes miserables / _cby Victor Hugo; retold by Swayam Ganguly |
||
| 260 |
_aNew Delhi _bOm Kidz _c2018 |
||
| 270 |
_a107, Ansari Road, Darya Ganj _bNew Delhi _e110002 |
||
| 300 |
_a240p.: _bill. _c20cm(Hb) |
||
| 490 | _aOm illustrated classics | ||
| 500 | _aAirport | ||
| 700 | _aGanguly,Swayam | ||
| 942 |
_2ddc _cCH _mHUG _hS |
||